Statistics for Medal Table Summer Olympics - Water Polo

Click here to take the quiz!

General Stats

  • This quiz has been taken 340 times
  • The average score is 15 of 20

Answer Stats

GoldSilverBronzeTotalCountries% Correct
35412United States
99%
1203Germany
95%
1304Spain
95%
1034France
94%
43310Italy
94%
0134Russia
94%
4004Great Britain
92%
1023Australia
90%
93517Hungary
85%
2024Serbia
85%
2237Soviet Union
83%
0202Greece
82%
1023Netherlands
82%
1203Croatia
81%
0123Sweden
76%
0426Belgium
73%
3418Yugoslavia
73%
0011West Germany
35%
0101Serbia and Montenegro
14%
0011Unified Team
7%

Score Distribution

Percentile by Number Answered

Percent of People with Each Score

Your Score History

You have not taken this quiz